Statistics for Name the country

Click here to take the quiz!

General Stats

  • This quiz has been taken 36 times
  • The average score is 9 of 12

Answer Stats

Hint Answer % Correct
This country owns GreenlandDenmark
100%
Most populated country in the worldChina
97%
The only country that starts with QQatar
97%
Biggest country in the worldRussia
97%
Where Ikea comes fromSweden
91%
Tiny country between Austria and SwitzerlandLiechtenstein
81%
Newest country in the worldSouth Sudan
81%
Country inside of South AfricaLesotho
78%
The country Mugabe was the dictator ofZimbabwe
72%
This country owns Western SaharaMorocco
50%
Used to belong to AustraliaPapua New Guinea
50%
This country's flag has a parrot on itDominica
13%

Score Distribution

Percentile by Number Answered

Percent of People with Each Score

Your Score History

You have not taken this quiz